00647nam a2200181 a 450000500170000000800410001704000250005804100080008310000340009124501420012526000810026730000100034865000250035865000150038365000130039865000270041170000270043820151112151116.0140317b1999 ||||| |||| 00| 0 spa d aCO-BoIAVHcCO-BoIAVH aspa aMoreno Madriñan, Max Jacobo aEstudio de impacto ambiental para definir la introducción a la acuicultura colombiana de la langosta australiana Cherax quadricarinatus as.l.bINPAbCentro Nacional de Investigaciones Acuicolas de Repelónc1999? a50 p. aAspectos Taxonomicos aMorfologia aAnatomia aRelación talla- peso aVallecia Varela, Jaime